Modèle de voitures Toyota par image - Statistiques

Statistiques générales
  • Ce quiz a été pris 144 fois
  • Le résultat moyen est 5 sur 7
Statistiques - réponses
Par images Réponse % Correct
Yaris
94%
Aygo
82%
CH R
81%
Rav4
57%
Auris
54%
Corolla
50%
Verso
36%
Aucun quiz correspondant
Distribution des résultats
% des personnes avec chaque résultat
Percentile par nombre de réponses
Votre historique - résultats
Vous n’avez pas pris ce quiz